Pokémon Moves that Raise Defense - Statistics

General Stats
  • This quiz has been taken 37 times
  • The average score is 21 of 33
Answer Stats
Type Gen Introduced Associated Pokémon Move % Correct
Rock 2 Ancient Power
87%
Fighting 3 Bulk Up
87%
Dragon 8 Kommo-o Clangorous Soul
87%
Steel 3 Iron Defense
87%
Fighting 8 Falinks No Retreat
87%
Ghost 4 Ominous Wind
87%
Poison 1 Acid Armor
83%
Bug 4 Vespiquen Defend Order
83%
Rock 6 Diancie Diamond Storm
83%
Bug 2 Silver Wind
83%
Fighting 8 Lilligant Victory Dance
83%
Dragon 7 Kommo-o Clangorous Soulblaze
78%
Normal 1 Defense Curl
78%
Psychic 1 Barrier
74%
Normal 7 Eevee Extreme Evoboost
74%
Normal 1 Harden
74%
Water 1 Withdraw
74%
Dragon 9 Dondozo Order Up
65%
Psychic 8 Wyrdeer Psyshield Bash
65%
Normal 4 Acupressure
61%
Ghost 2 Curse
61%
Steel 2 Steel Wing
61%
Psychic 3 Cosmic Power
57%
Normal 8 Skwovet Stuff Cheeks
57%
Poison 5 Coil
52%
Normal 1 Skull Bash
52%
Normal 3 Stockpile
52%
Grass 5 Cotton Guard
43%
Fairy 6 Florges/Sunflora Flower Shield
39%
Fighting 8 Coaching
30%
Steel 8 Shelter
30%
Electric 6 Magnetic Flux
26%
Steel 8 Max Steelstrike
9%
No matching quizzes found
Score Distribution
Percent of People with Each Score
Percentile by Number Answered
Your Score History
You have not taken this quiz